| 000 | 01822nam a22003377a 4500 | ||
|---|---|---|---|
| 999 |
_c14437 _d14437 |
||
| 003 | EG-ScBUE | ||
| 005 | 20210606124631.0 | ||
| 008 | 100708s1994 ua o f b 00011s ara d | ||
| 017 | _a93/1692 | ||
| 020 | _a9771242 | ||
| 040 |
_aEG-ScBUE _bara _erda _cEG-ScBUE _dEG-ScBUE |
||
| 082 | 0 | 4 |
_a492.78 _bأ ث ي _222 |
| 100 | 1 |
_916064 _aابن الأثير, ضياء الدين نصر الله بن محمد _d558-637 هـ.، _eمؤلف. |
|
| 245 | 1 | 0 |
_aكفاية الطالب في نقد كلام الشاعر والكاتب / _cتأليف أبي الفتح نصر الله بن محمد بن عبد الكريم المعروف بضياء الدين بن الأثير الجزري ; دراسة وشرح وتحقيق النبوي عبد الواحد شعلان أستاذ ورئيس قسم الأدب والنقد بكلية البنات الإسلامية - جامعة الأزهر والأستاذ في كلية اللغة العربية جامعة الإمام محمد بن سعود الإسلامية بالرياض. |
| 250 | _aالطبعة الأولى. | ||
| 264 | 1 |
_aالقاهرة : _bالزهراء للإعلام العربي، _c1994. |
|
| 300 |
_a319 صفحة : _bصور ; _c24 سم |
||
| 336 |
_2rdacontent _aنص _btxt |
||
| 337 |
_2rdamedia _aبدون وسيط _bn |
||
| 338 |
_2rdacarrier _aمجلد _bnc |
||
| 504 | _aيشتمل على إرجاعات ببليوجرافية وكشافات. | ||
| 541 |
_aألف باء ; _cشراء ; |
||
| 650 | 7 |
_916071 _aالخطابة العربية. _2BUEsh |
|
| 650 | 7 |
_916317 _aالبلاغة العربية. _2BUEsh |
|
| 650 | 7 |
_916318 _aالإلقاء (أدب عربي) _2BUEsh |
|
| 651 | _2BUEsh | ||
| 653 | _bARALIT | ||
| 655 |
_vReading book _934232 |
||
| 700 | 1 |
_916063 _aشعلان، النبوي عبد الواحد، _eشارح. |
|
| 942 |
_2ddc _cBB |
||